000 01739nam a2200433 c 4500
003 BLK
005 20250725084101.0
008 180408b bul|||||r ||||||| ||bul||
010 _aKNG00045109000
020 _a978-954-27-0702-8
_bиздат.: Егмонт България
040 _aBLK
041 _aBUL
_cBUL
072 7 _2bullib
_aН91
_xГеография Н
080 _aКраезнание
_b908
_x(560-25)(036)
_z908(560-25)(036)
100 1 _aРъдърфорд, Тристан
_eпърви автор
_9277818
700 1 _aТомасети, Катрин
_eсъавт.
_9130004
700 1 _aЯнева, Анелия
_eпрев.
_9365790
139 _aРъдърфорд, Тристан и др.
_bР 97
245 1 0 _aИстанбул и Западна Турция
_cТристан Ръдърфорд; съавт. Катрин Томасети; прев. Анелия Янева.
257 _aUSA
260 София
_bЕгмонт България
_c2011
_fСофия : Лито Балкан
300 _a271 с.
_bс цв. ил.
_c22 см
380 _a91
490 1 _aNational Geographic пътеводител
500 _aБез сведение за ориг. загл. - Азб. показалец
650 4 _aГрадове - Турция
_9277265
651 4 _aТурция
_9179691
651 4 _aИстанбул
_9277264
653 _aИстанбул
653 _aпътеводители
653 _aградове
659 _aН
852 _aЦб 254204
856 4 _qpdf
_u
856 4 _qpdf
_u
942 _cKNG
_n0
_021
944 _aCR
_c30.12.2011
_lМинев Младен
_k30530
944 _aED
_c16.12.2016
_lф /
_kВиолета_Тройчева
999 _c41544
_d41544